Hidden strengths (Record no. 70058)

MARC details
000 -LEADER
fixed length control field 01011cam a2200241 4500
001 - CONTROL NUMBER
control field ABS65368
008 - FIXED-LENGTH DATA ELEMENTS--GENERAL INFORMATION
fixed length control field 020424n2002 000 0 eng u
035 ## - SYSTEM CONTROL NUMBER
System control number (Sirsi) u117657
100 ## - MAIN ENTRY--PERSONAL NAME
Personal name Lawson, D
245 ## - TITLE STATEMENT
Title Hidden strengths
260 ## - PUBLICATION, DISTRIBUTION, ETC.
Date of publication, distribution, etc. 2002
490 ## - SERIES STATEMENT
Series statement Property Week
Volume/sequential designation 67(14) 12 April 2002, 43-48(5)
520 ## - SUMMARY, ETC.
Summary, etc. Special report on careers in surveying, featuring two articles. "Hidden strengths" investigates the relatively new area of property management consultancy, highlighting the RICS Management Consultancy Faculty and providing advice on how to become a property management consultant. "Youth clubbers" reviews the annual conference of the RICS Junior Organisation (JO) and discusses the role of JO in the organisation.
590 ## - LOCAL NOTE (RLIN)
Local note ABS
650 ## - SUBJECT ADDED ENTRY--TOPICAL TERM
Topical term or geographic name entry element SURVEYORS
650 ## - SUBJECT ADDED ENTRY--TOPICAL TERM
Topical term or geographic name entry element Management consultancy
9 (RLIN) 6255
650 ## - SUBJECT ADDED ENTRY--TOPICAL TERM
Topical term or geographic name entry element JUNIOR ORGANISATION
650 ## - SUBJECT ADDED ENTRY--TOPICAL TERM
Topical term or geographic name entry element RICS
650 ## - SUBJECT ADDED ENTRY--TOPICAL TERM
Topical term or geographic name entry element CAREERS, EDUCATION AND TRAINING
690 ## - LOCAL SUBJECT ADDED ENTRY--TOPICAL TERM (OCLC, RLIN)
Topical term or geographic name as entry element EDUCATION-CAREERS
700 ## - ADDED ENTRY--PERSONAL NAME
Personal name Barrett, C
942 ## - ADDED ENTRY ELEMENTS (KOHA)
Suppress in OPAC 0
Holdings
Withdrawn status Lost status Source of classification or shelving scheme Damaged status Not for loan Home library Current library Shelving location Date acquired Total Checkouts Full call number Barcode Date last seen Copy number Price effective from Koha item type
    Dewey Decimal Classification     London London Journal article 24/04/2002   ABS65368 117657-1001 06/08/2019 1 06/08/2019 Journal article